000 01089cam a22002174a 4500
005 20250605164130.0
008 250528s ||||||||||||||||||||||||d
035 _a18595
020 _a891585869
040 _aGR-AtMCL
_bgre
_dGR-AtMCL
_eAACR2
245 1 _aWho Pays for Clean Water? The Distribution of Water Pollution Control Costs / An Urban Systems Research Report
260 _bWestview Press,
_c1979
300 _a248
520 _aIntroduction, History of Water Pollution Control Legislation, Background Considerations, Municipal Expenditures, The Costs of Municipal Treatment Facilities, Federal and State and Local Government Fiscal Structures, Incidence of Various Methods of Financing Water Pollution Abatement, Survey of Local Governments Financing Water Pollution Control Expenditures, Incidence Calculations, The Results, The Incidence of Industrial Price Increases, Price Increases, Conclusions.
700 1 _aHanneman William M
_94855
700 1 _aLake Elizabeth E
_94856
700 1 _aOster Sharon M
_94857
942 _cBK
999 _c3944
_d3944